[Event "LSS No Engine Cup 151 Preliminary 0"]
[Site "LSS email"]
[Date "2016.04.02"]
[Round "?"]
[White "Kelemen, Gyoergy"]
[Black "Szepe, Eryk"]
[Result "1-0"]
[WhiteElo "2181"]
[BlackElo "1600"]
[PlyCount "95"]
[EventDate "2016.04.03"]
[EventType "tourn (corr)"]
[EventRounds "6"]
[EventCountry "GER"]
[SourceTitle "Corr 2022"]
[Source "ChessBase"]
[SourceDate "2021.10.24"]
[SourceVersion "1"]
[SourceVersionDate "2021.10.24"]
[SourceQuality "1"]

1. e4 c5 2. Nf3 d6 3. d4 cxd4 4. Nxd4 Nf6 5. Nc3 a6 6. Bg5 Qb6 7. Bxf6 gxf6 8. Nd5 Qd8 9. Qf3 Nc6 10. Qc3 Rb8 11. Nxc6 bxc6 12. Qxc6+ Qd7 13. Qc3 Bg7 14. 0-0-0 0-0 15. Qg3 Kh8 16. b3 f5 17. Bd3 fxe4 18. Bxe4 f5 19. Bf3 e6 20. Nf4 Qe7 21. Bc6 Qf6 22. c3 Rb6 23. Ba4 Qxc3+ 24. Qxc3 Bxc3 25. g3 Rf6 26. Kc2 Be5 27. Nd3 Bd4 28. Kd2 Bb7 29. Rhg1 a5 30. Rc1 Ba6 31. Rc7 Bxd3 32. Kxd3 Bxf2 33. Rf1 Bc5 34. g4 Rb4 35. gxf5 Rd4+ 36. Kc3 Rd5 37. Kc4 Rdxf5 38. Rxf5 exf5 39. Bc6 Rh6 40. Kd5 f4 41. Ke4 Rxh2 42. Kxf4 Rxa2 43. Rc8+ Kg7 44. Rc7+ Kg8 45. Bd5+ Kh8 46. Rc8+ Kg7 47. Rc7+ Kg6 48. Be4+ 1-0

[Event "LSS No Engine Cup 144 Preliminary 0"]
[Site "LSS email"]
[Date "2015.12.08"]
[Round "?"]
[White "Kelemen, Gyoergy"]
[Black "Szepe, Eryk"]
[Result "1/2-1/2"]
[WhiteElo "2169"]
[BlackElo "1600"]
[PlyCount "46"]
[EventDate "2015.12.09"]
[EventType "tourn (corr)"]
[EventRounds "6"]
[EventCountry "GER"]
[SourceTitle "Corr 2022"]
[Source "ChessBase"]
[SourceDate "2021.10.24"]
[SourceVersion "1"]
[SourceVersionDate "2021.10.24"]
[SourceQuality "1"]

1. e4 c5 2. Nf3 d6 3. d4 cxd4 4. Nxd4 Nf6 5. Nc3 a6 6. Bg5 e6 7. f4 Qb6 8. Nb3 Be7 9. Qf3 Nbd7 10. 0-0-0 Qc7 11. Bd3 b5 12. a3 Bb7 13. Rhe1 Rc8 14. Qf2 h6 15. Bh4 0-0 16. Kb1 e5 17. Re2 exf4 18. Qxf4 Ne5 19. Qf5 Bc6 20. Bxf6 Bxf6 21. Nd5 Bxd5 22. exd5 Nxd3 23. Qxd3 Rfe8 1/2-1/2

[Event "LSS No Engine Cup 144 Preliminary 0"]
[Site "LSS email"]
[Date "2015.12.08"]
[Round "?"]
[White "Molina, Vicente Andres"]
[Black "Szepe, Eryk"]
[Result "0-1"]
[WhiteElo "1003"]
[BlackElo "1600"]
[PlyCount "90"]
[EventDate "2015.12.09"]
[EventType "tourn (corr)"]
[EventRounds "6"]
[EventCountry "GER"]
[SourceTitle "Corr 2022"]
[Source "ChessBase"]
[SourceDate "2021.10.24"]
[SourceVersion "1"]
[SourceVersionDate "2021.10.24"]
[SourceQuality "1"]

1. e4 c5 2. Nf3 d6 3. Bc4 Nf6 4. d3 Nc6 5. c3 g6 6. 0-0 Bg7 7. Re1 0-0 8. d4 cxd4 9. cxd4 Bd7 10. Nc3 a6 11. e5 Ne8 12. Bf4 Bg4 13. Qd3 Bxf3 14. gxf3 dxe5 15. dxe5 Qxd3 16. Bxd3 Nc7 17. Bc4 Ne6 18. Bg3 Ned4 19. Red1 Nxf3+ 20. Kg2 Nfxe5 21. Bb3 Rad8 22. Nd5 e6 23. Ne3 Nd3 24. Rab1 Nxb2 25. Rxd8 Rxd8 26. Bc7 Rd7 27. Bb6 Nd3 28. Ba4 Nde5 29. Bd1 Rd2 30. Bb3 Nd4 31. Bxd4 Rxd4 32. Rc1 Nc6 33. Rc4 Rxc4 34. Nxc4 Bf8 35. Kf3 Kg7 36. Ke4 f5+ 37. Kd3 b5 38. Nd2 Kf6 39. f4 Bh6 40. Ke3 e5 41. Kf3 Bxf4 42. Nf1 Nd4+ 43. Kf2 a5 44. Bd5 b4 45. h3 a4 0-1

[Event "LSS No Engine Cup 144 Preliminary 0"]
[Site "LSS email"]
[Date "2015.12.08"]
[Round "?"]
[White "Szepe, Eryk"]
[Black "Couspeyre, Thierry"]
[Result "1-0"]
[WhiteElo "1600"]
[BlackElo "1531"]
[PlyCount "39"]
[EventDate "2015.12.09"]
[EventType "tourn (corr)"]
[EventRounds "6"]
[EventCountry "GER"]
[SourceTitle "Corr 2022"]
[Source "ChessBase"]
[SourceDate "2021.10.24"]
[SourceVersion "1"]
[SourceVersionDate "2021.10.24"]
[SourceQuality "1"]

1. c4 Nf6 2. Nc3 c6 3. g3 d5 4. cxd5 cxd5 5. Bg2 e6 6. Nf3 Nc6 7. d3 Be7 8. 0-0 0-0 9. Bd2 Bd7 10. a3 Rc8 11. Rc1 Bd6 12. e4 dxe4 13. dxe4 Ne5 14. Bf4 Nxf3+ 15. Qxf3 Bxf4 16. Qxf4 Bc6 17. Rfd1 Qb6 18. e5 Bxg2 19. exf6 e5 20. Qg5 1-0

[Event "OP-2012-0-02416"]
[Site "LSS email"]
[Date "2012.09.21"]
[Round "?"]
[White "Malyszek, Tomasz"]
[Black "Szepe, Eryk"]
[Result "0-1"]
[WhiteElo "923"]
[BlackElo "1418"]
[PlyCount "50"]
[EventDate "2012.09.17"]
[EventType "tourn (corr)"]
[EventRounds "4"]
[EventCountry "GER"]
[SourceTitle "Telechess CBM 165"]
[Source "ChessBase"]
[SourceDate "2015.03.11"]
[SourceVersion "1"]
[SourceVersionDate "2015.03.11"]
[SourceQuality "1"]

1. e4 c5 2. Nf3 d6 3. Bc4 e6 4. Nc3 Nf6 5. 0-0 Be7 6. d4 cxd4 7. Nxd4 a6 8. a4 Qc7 9. Bb3 Nc6 10. Nxc6 bxc6 11. Bg5 0-0 12. Re1 h6 13. Bh4 Rb8 14. Qf3 c5 15. Rab1 Bb7 16. Bxf6 Bxf6 17. Qg3 Rfd8 18. Rbd1 c4 19. Ba2 Ba8 20. Rb1 Qc5 21. Red1 Bxc3 22. Qxc3 Bxe4 23. Bxc4 Rdc8 24. b3 d5 25. Qe1 Bxc2 0-1